Report on the waters of the Hudson river, (Record no. 15028)

MARC details
000 -LEADER
fixed length control field 00833cam a22002291 4500
001 - CONTROL NUMBER
control field ca 17001052
003 - CONTROL NUMBER IDENTIFIER
control field DLC
005 - DATE AND TIME OF LATEST TRANSACTION
control field 20260227111102.0
008 - FIXED-LENGTH DATA ELEMENTS--GENERAL INFORMATION
fixed length control field 790524s1885 nyu 000 0 eng
010 ## - LIBRARY OF CONGRESS CONTROL NUMBER
LC control number ca 17001052
035 ## - SYSTEM CONTROL NUMBER
System control number (OCoLC)5002046
040 ## - CATALOGING SOURCE
Original cataloging agency DLC
Transcribing agency NSufR
Modifying agency DLC
042 ## - AUTHENTICATION CODE
Authentication code premarc
050 00 - LIBRARY OF CONGRESS CALL NUMBER
Classification number TD225.A3
Item number C4 1885
100 1# - MAIN ENTRY--PERSONAL NAME
Personal name Chandler, Charles Frederick,
Dates associated with a name 1836-1925.
245 00 - TITLE STATEMENT
Title Report on the waters of the Hudson river,
Remainder of title together with an analysis of the same, made to the Water commissioners of the city of Albany
Statement of responsibility, etc. by C. F. Chandler, PH.D. January, 1885.
260 ## - PUBLICATION, DISTRIBUTION, ETC.
Place of publication, distribution, etc. New York,
Name of publisher, distributor, etc. Trow's Printing and Bookbinding Co.,
Date of publication, distribution, etc. 1885.
300 ## - PHYSICAL DESCRIPTION
Extent 35 p.
Dimensions 23 cm.
650 #0 - SUBJECT ADDED ENTRY--TOPICAL TERM
Topical term or geographic name entry element Water-supply
Geographic subdivision New York (State)
-- Albany.
651 #0 - SUBJECT ADDED ENTRY--GEOGRAPHIC NAME
Geographic name Hudson River (N.Y. and N.J.)
710 1# - ADDED ENTRY--CORPORATE NAME
Corporate name or jurisdiction name as entry element Albany (N.Y.).
Subordinate unit Water Commissioners.

No items available.

Powered by Koha